| 000 | 00360nam a2200145Ia 4500 | ||
|---|---|---|---|
| 008 | 230312s9999||||xx |||||||||||||| ||und|| | ||
| 020 | _a0-12-303260-1 | ||
| 082 |
_a405.12 _bGRI-B |
||
| 100 | _aGrimnes;s | ||
| 245 | 0 | _aBioimpedance & bioelectricity basics | |
| 260 |
_bacademic _aUSA _c2000 |
||
| 300 | _a358 | ||
| 650 |
_aEngineering _vAvionics |
||
| 942 | _cBK | ||
| 999 |
_c12461 _d12461 |
||